| 000 | 00703nam a22002177a 4500 | ||
|---|---|---|---|
| 999 |
_c14620 _d14620 |
||
| 003 | AR-CdUCM | ||
| 008 | 190424b ||||| |||| 00| 0 spa d | ||
| 020 | _a978-607-618-712-8 | ||
| 040 |
_aMUNICIPALIDAD PROVINCIAL DEL CUSCO _cBIBLIOTECA MUNICIPAL DEL CUSCO |
||
| 041 | _hpor | ||
| 082 |
_aPI / 376.1 / _bA45 |
||
| 100 |
_aAlves Brejo, Janayna _933465 |
||
| 245 | _aFraternidad / | ||
| 260 |
_aMéxico : _bSilver dolphin, _c2016. |
||
| 300 |
_a15 páginas ; _bIlustraciones, _c28 cm. |
||
| 440 |
_aLa colección de las virtudes ; _n2 _933466 |
||
| 650 |
_aLiteratura infantil _9588 |
||
| 700 |
_aHerrera Ramirez, Luiz Carlos (traducción) _933467 |
||
| 942 |
_2ddc _cLIBROS |
||
| 945 |
_aacv _d2019-04-24 |
||